|
|
|
|
| LEADER |
00000nam a22000007a 4500 |
| 005 |
2018010408128.0 |
| 007 |
cr|||| |||| |
| 008 |
180104s2014 sp |||||s|||| 00||0 spa d |
| 020 |
|
|
|a 978-84-91232-88-9
|
| 035 |
|
|
|a 20952
|
| 040 |
|
|
|a vLex
|
| 090 |
|
|
|c 7358
|d 7358
|
| 100 |
1 |
|
|a Framiǹ̨ Santas, Javier
|
| 245 |
1 |
3 |
|a Los acuerdos de resolucin̤ de conflictos con reverse payments en el sector farmacǔtico
|h [Recurso electrn̤ico] /
|c Javier Framiǹ̨ Santas
|
| 256 |
|
|
|a Servicio en ln̕ea
|
| 260 |
|
|
|a Madrid:
|b Marcial Pons,
|c 2014
|
| 300 |
|
|
|a 1 recurso electrn̤ico
|
| 500 |
|
|
|a Los medicamentos genřicos tienen una eficacia y seguridad contrastada y resultan ms̀ econm̤icos que los medicamentos originales. Existe un interš general en facilitar el acceso rp̀ido de los medicamentos genřicos al mercado. Sin embargo, con el objetivo de promover la innovacin̤, el medicamento genřico no puede ser comercializado si infringe una patente vl̀ida relativa al medicamento original sin consentimiento de su titular. En muchas ocasiones, las empresas de medicamentos genřicos cuestionan la validez de la patente sobre el medicamento original, o que su fr̀maco infrinja la patente de fondo. Algunos de estos conflictos se resuelven mediante acuerdo. Los acuerdos de resolucin̤ de conflictos entre las empresas de medicamentos genřicos y de patentes tienen virtudes obvias. En los l︢timos aǫs, las compaą̕s de medicamentos genřicos y de medicamentos originales patentados han resuelto algunos de sus conflictos recurriendo a un tipo de acuerdo en virtud del que, en esencia, la compaą̕ del medicamento genřico acepta retrasar su acceso al mercado y recibe una transferencia de valor, v. g. dinero, de la compaą̕ del medicamento original (acuerdos de resolucin̤ de conflictos con reverse payment). Este tipo de acuerdos conllevan un riesgo importante: pueden utilizarse para, en violacin̤ del Derecho de la competencia, retrasar ilegt̕imamente el acceso al mercado de los medicamentos genřicos. Este libro analiza los reverse payments en el sector farmacǔtico a la luz del Derecho de la competencia europeo. El enfoque adoptado es de Derecho comparado. El libro contiene un estudio detallado de los reverse payments en el Derecho antitrust norteamericano.
|
| 506 |
1 |
|
|a Disponible solo en los productos indicados
|d vLex Global
|d vLex Global (Academic Edition, excluding Law Schools)
|d vLex Global (U.S. Academic Edition, Law Schools)
|d vLex Global (U.S. Academic Edition, excluding Law Schools)
|d vLex Global (Academic Edition, Law Schools)
|
| 650 |
0 |
4 |
|a Derecho Mercantil y de la Empresa
|z Espaą
|
| 650 |
0 |
4 |
|a Propiedad Industrial
|z Espaą
|
| 650 |
0 |
4 |
|a Derecho de la Competencia
|z Espaą
|
| 650 |
0 |
4 |
|a Derecho Internacional
|z Espaą
|
| 740 |
0 |
|
|a vLex Libros (Servicio en ln̕ea)
|
| 856 |
4 |
0 |
|u http://vlex.com/source/acuerdos-de-resolucion-de-conflictos-con-reverse-payments-en-el-sector-farmaceutico-20952
|z Acceso restringido
|
| 942 |
|
|
|c BOOK
|
| 999 |
0 |
|
|a International law
|
| 999 |
0 |
|
|a Industrial property
|
| 999 |
0 |
|
|a Commercial law
|